Estadísticas para Países en un Pez Azul de JetPunk del Mapa Mundial

Haz click aquí para tomar la prueba!

Estadísticas generales

  • Esta prueba ha sido tomada 790 veces
  • La puntuación promedio es 26 de 32

Respuestas en el mapa

Las respuestas están codificadas por una escala verde-roja en el mapa de la prueba según el % correcto abajo.
Cargando...
 

Estadísticas de respuestas

País% Correcto
Egipto
91%
Italia
91%
España
91%
Francia
91%
Marruecos
90%
Argelia
89%
Libia
89%
Rusia
88%
Chad
87%
Sudán
86%
Arabia Saudita
85%
Portugal
85%
Níger
85%
Túnez
85%
Turquía
85%
Mauritania
84%
Malí
83%
Irak
82%
Irán
82%
Siria
82%
Malta
80%
Israel
78%
Chipre
76%
Georgia
73%
Azerbaiyán
73%
Armenia
73%
Líbano
72%
Grecia
72%
Kuwait
65%
Ciudad del Vaticano
65%
San Marino
64%
Albania
39%

Distribución de puntuación

Porcentaje por número respondido

Porcentaje de gente con cada puntuación

Historial de tus puntuaciones

No has tomado esta prueba